000 00393nam a2200157 i 4500
001 48882
003 ES-MaACL
005 20230906161836.0
007 t|
008 030701s1921 fr ||||1| fre d
100 1 _aCordier, Henri.
_940535
245 1 3 _aLa Chine /
_cHenri Cordier.
260 _a[Abbeville :
_bF. Paillart],
_c1921.
300 _a138 p. ;
_c16 cm.
852 _aES-MaACL
_jF-441
999 _c48882
_d48882